| 000 | 00457nam a2200169 i 4500 | ||
|---|---|---|---|
| 001 | 147171 | ||
| 003 | ES-MaACL | ||
| 005 | 20250512063039.0 | ||
| 007 | t| | ||
| 008 | 070924s1922 fr ||||1| fre d | ||
| 100 | 1 |
_aTrotsky, Leon, _d1879-1940 _9240350 |
|
| 245 | 1 | 0 |
_aNouvelle etape / _cpar Leon Trotsky. |
| 260 |
_aParis : _bLa Cootypographie, _c1922. |
||
| 300 |
_a142 p. ; _c19 cm. |
||
| 852 |
_aES-MaACL _jD-3671 |
||
| 999 |
_c147171 _d147171 |
||